| 000 | 00471nam a2200157 a 4500 | ||
|---|---|---|---|
| 005 | 20140412111312.0 | ||
| 008 | 000830s19uu xx 00 eng d | ||
| 020 | _a0-8094-7334-8 | ||
| 050 |
_aTR(GS 030 _bC54 1996 |
||
| 245 |
_aA Child's first library of learning : _bactivity book 1. |
||
| 260 |
_aHong Kong : _bTime Life Books, Asia, _c1996. |
||
| 300 | _a24 p. | ||
| 440 | _aA Child's First Library of Learning | ||
| 650 | _aScience, activity book | ||
| 999 |
_c104057 _d104057 |
||